Security analysis and portfolio management / (Record no. 181072)

MARC details
000 -LEADER
fixed length control field 00775nam a2200241Ia 4500
003 - CONTROL NUMBER IDENTIFIER
control field OSt
005 - DATE AND TIME OF LATEST TRANSACTION
control field 20260128153147.0
008 - FIXED-LENGTH DATA ELEMENTS--GENERAL INFORMATION
fixed length control field 210716s2009 xx 000 0 und d
020 ## - INTERNATIONAL STANDARD BOOK NUMBER
International Standard Book Number 9788177588118
040 ## - CATALOGING SOURCE
Transcribing agency AIMIT LIBRARY
041 ## - LANGUAGE CODE
Language code of text/sound track or separate title eng
082 ## - DEWEY DECIMAL CLASSIFICATION NUMBER
Classification number 332.64
Edition number 6
Item number FISD
100 ## - MAIN ENTRY--PERSONAL NAME
Personal name Fischer, Donald E.
9 (RLIN) 253002
245 ## - TITLE STATEMENT
Title Security analysis and portfolio management /
Statement of responsibility, etc. By Donald E Fischer and Ronald J Jordan.
250 ## - EDITION STATEMENT
Edition statement 6th ed.
260 ## - PUBLICATION, DISTRIBUTION, ETC.
Place of publication, distribution, etc. New Delhi :
Name of publisher, distributor, etc. Pearson Education ,
Date of publication, distribution, etc. 2009.
300 ## - PHYSICAL DESCRIPTION
Extent 703p. ;
Other physical details PB
Dimensions 24.6 cm
650 ## - SUBJECT ADDED ENTRY--TOPICAL TERM
Topical term or geographic name entry element Risk and return
9 (RLIN) 253003
650 ## - SUBJECT ADDED ENTRY--TOPICAL TERM
Topical term or geographic name entry element Company analysis: forecasting earnings
9 (RLIN) 253004
650 ## - SUBJECT ADDED ENTRY--TOPICAL TERM
Topical term or geographic name entry element Bond analysis: unsystematic risk
9 (RLIN) 253005
700 ## - ADDED ENTRY--PERSONAL NAME
Personal name Jordan, Ronald J.
9 (RLIN) 253006
942 ## - ADDED ENTRY ELEMENTS (KOHA)
Source of classification or shelving scheme Dewey Decimal Classification
Koha item type Book
Edition 6th
Call number prefix 332.64 FISD
Holdings
Withdrawn status Lost status Damaged status Not for loan Collection code Home library Current library Date acquired Source of acquisition Total Checkouts Full call number Barcode Date last seen Price effective from Koha item type
        MCA St Aloysius Institute of Management & Information Technology St Aloysius Institute of Management & Information Technology 07/16/2021 Donated   332.64 FISD MCA00580 05/23/2026 07/16/2021 Book